000 00787nam a22002177a 4500
999 _c19996
_d19996
003 AR-CdUCM
008 190524b ||||| |||| 00| 0 spa d
040 _aMUNICIPALIDAD PROVINCIAL DEL CUSCO
_cBIBLIOTECA MUNICIPAL DEL CUSCO
041 _heng
082 _a818.58 /
_bSI616
100 _aSinclair, Upton
_940717
245 _aHabla, oh pastor :
_bhistoria novelada /
260 _aBuenos Aires :
_bClaridad
_c1953.
300 _a520 páginas ;
_c23 cm.
505 _aContenido: El poderoso azote de la guerra -- El amor y la mente invencible del hombre -- Llegan los tres ámbitos del mundo de armas...
650 _aNovela
_95
650 _aLiteratura latina
_9327
700 _aRodríguez Chicano, José (traducción)
_941830
942 _2ddc
_cLIBROS
945 _adavv
_d2019-05-24